Combien de ville des Bouches du Rhone (13) connais-tu ? - Statistiques

Statistiques générales
  • Ce quiz a été pris 58 fois
  • Le résultat moyen est 25 sur 135
Statistiques - réponses
Code Postal Ville % Correct
13003 Marseille
100%
13617 Aix-en-Provence
87%
13788 Aubagne
81%
13700 Marignane
75%
13260 Cassis
72%
13200 Arles
66%
13500 Martigues
66%
13800 Istres
60%
13421 Salon-de-Provence
60%
13743 Vitrolles
60%
13190 Allauch
53%
13771 Fos-sur-Mer
49%
13120 Gardanne
47%
13140 Miramas
45%
13600 Ciotat
40%
13320 Bouc-Bel-Air
36%
13620 Carry-le-Rouet
36%
13530 Trets
34%
13340 Rognac
32%
13158 Tarascon
32%
13220 Châteauneuf-les-Martigues
30%
13380 Plan-de-Cuques
30%
13528 Port-de-Bouc
30%
13310 Saint-Martin-de-Crau
30%
13210 Saint-Rémy-de-Provence
30%
13138 Berre-l'Étang
28%
13460 Saintes-Maries-de-la-Mer
28%
13390 Auriol
25%
13780 Cuges-les-Pins
23%
13420 Gémenos
23%
13518 Port-Saint-Louis-du-Rhône
23%
13250 Saint-Chamas
23%
13960 Sausset-les-Pins
23%
13160 Châteaurenard
21%
13124 Peypin
21%
13122 Ventabren
21%
13480 Cabriès
19%
13820 Ensuès-la-Redonne
19%
13430 Eyguières
19%
13710 Fuveau
19%
13650 Meyrargues
19%
13890 Mouriès
19%
13660 Orgon
19%
13614 Venelles
19%
13470 Carnoux-en-Provence
17%
13510 Éguilles
17%
13180 Gignac-la-Nerthe
17%
13410 Lambesc
17%
13550 Noves
17%
13830 Roquefort-la-Bédoule
17%
13360 Roquevaire
17%
13330 Barben
15%
13570 Barbentane
15%
13990 Fontvieille
15%
13370 Mallemort
15%
13590 Meyreuil
15%
13105 Mimet
15%
13170 Pennes-Mirabeau
15%
13821 Penne-sur-Huveaune
15%
13840 Rognes
15%
13740 Rove
15%
13760 Saint-Cannat
15%
13729 Saint-Victoret
15%
13240 Septèmes-les-Vallons
15%
13930 Aureille
13%
13950 Cadolive
13%
13250 Cornillon-Confoux
13%
13810 Eygalières
13%
13450 Grans
13%
13490 Jouques
13%
13113 Lamanon
13%
13330 Pélissanne
13%
13750 Plan-d'Orgon
13%
13109 Simiane-Collongue
13%
13880 Velaux
13%
13520 Baux-de-Provence
11%
13580 Fare-les-Oliviers
11%
13850 Gréasque
11%
13520 Maussane-les-Alpilles
11%
13860 Peyrolles-en-Provence
11%
13114 Puyloubier
11%
13790 Rousset
11%
13920 Saint-Mitre-les-Remparts
11%
13119 Saint-Savournin
11%
13560 Sénas
11%
13980 Alleins
9%
13720 Bouilladisse
9%
13150 Boulbon
9%
13708 Ceyreste
9%
13111 Coudoux
9%
13630 Eyragues
9%
13690 Graveson
9%
13680 Lançon-Provence
9%
13910 Maillane
9%
13520 Paradou
9%
13790 Peynier
9%
13112 Destrousse
8%
13940 Mollégès
8%
13870 Rognonas
8%
13640 Roque-d'Anthéron
8%
13115 Saint-Paul-lès-Durance
8%
13126 Vauvenargues
8%
13720 Belcodène
6%
13350 Charleval
6%
13610 Puy-Sainte-Réparade
6%
13670 Saint-Andiol
6%
13610 Saint-Estève-Janson
6%
13103 Saint-Étienne-du-Grès
6%
13100 Saint-Marc-Jaumegarde
6%
13440 Cabannes
4%
13790 Châteauneuf-le-Rouge
4%
13221 Marseille 1er Arrondissement
4%
13103 Mas-Blanc-des-Alpilles
4%
13100 Saint-Antonin-sur-Bayon
4%
13100 Tholonet
4%
13116 Vernègues
4%
13670 Verquières
4%
13121 Aurons
2%
13395 Marseille 10e Arrondissement
2%
13011 Marseille 11e Arrondissement
2%
13012 Marseille 12e Arrondissement
2%
13013 Marseille 13e Arrondissement
2%
13308 Marseille 14e Arrondissement
2%
13015 Marseille 15e Arrondissement
2%
13016 Marseille 16e Arrondissement
2%
13235 Marseille 2e Arrondissement
2%
13003 Marseille 3e Arrondissement
2%
13331 Marseille 4e Arrondissement
2%
13005 Marseille 5e Arrondissement
2%
13291 Marseille 6e Arrondissement
2%
13007 Marseille 7e Arrondissement
2%
13008 Marseille 8e Arrondissement
2%
13288 Marseille 9e Arrondissement
2%
13150 Saint-Pierre-de-Mézoargues
2%
13100 Beaurecueil
0%
Aucun quiz correspondant
Distribution des résultats
% des personnes avec chaque résultat
Percentile par nombre de réponses
Votre historique - résultats
Vous n’avez pas pris ce quiz